European Capitals Starting with Double Consonants - Statistics

General Stats
  • This quiz has been taken 215 times
  • The average score is 6 of 8
Answer Stats
Capital City % Correct
Stockholm
92%
Prague
85%
Brussels
84%
Bratislava
80%
Ljubljana
66%
Skopje
65%
Pristina
63%
Chisinau
62%
No matching quizzes found
Score Distribution
Percent of People with Each Score
Percentile by Number Answered
Your Score History
You have not taken this quiz